[Event "Festival Palio di Fabriano A"]
[Site "Fabriano ITA"]
[Date "2010.06.21"]
[Round "2"]
[White "De Santis, Alessio"]
[Black "Dragojlovic, Andjelko"]
[Result "0-1"]
[WhiteElo "2316"]
[BlackElo "2403"]
[PlyCount "110"]
[EventDate "2010.06.20"]

1. b3 c5 2. Bb2 Nc6 3. Nf3 d6 4. g3 e5 5. d3 g6 6. Bg2 Bg7 7. O-O Nge7 8. c4
O-O 9. Nc3 h6 10. a3 Be6 11. Nd2 d5 12. cxd5 Nxd5 13. Nce4 b6 14. Nc4 Rc8 15.
Rc1 Rc7 16. Rc2 Nd4 17. Rd2 b5 18. e3 bxc4 19. dxc4 Ne7 20. exd4 cxd4 21. a4 f5
22. Nc3 Rd7 23. Ne2 d3 24. Nc1 e4 25. Bxg7 Kxg7 26. Re1 Rf6 27. f3 Qa5 28. fxe4
fxe4 29. Rxe4 Bf5 30. Rf4 h5 31. Nxd3 Qc3 32. Bd5 Nxd5 33. cxd5 Rxd5 34. Rc4
Qa5 35. b4 Qd8 36. Rc3 Rfd6 37. Qa1 Kh7 38. Rdc2 Bxd3 39. Rc7+ Rd7 40. Rc8 Bxc2
41. Rxd8 Rxd8 42. Qc3 Bxa4 43. Qf6 R8d7 44. Kg2 Rf5 45. Qe6 Rdf7 46. g4 Bd7 47.
Qd6 Rf2+ 48. Kg3 Bxg4 49. Kh4 R2f3 50. Qe5 Rh3+ 51. Kg5 Rf5+ 52. Qxf5 Bxf5 53.
b5 Rxh2 54. b6 axb6 55. Kf6 h4 0-1

[Event "Festival Palio di Fabriano A"]
[Site "Fabriano ITA"]
[Date "2010.06.21"]
[Round "2"]
[White "Gaoni, Vincenzo"]
[Black "Frontini, Fabio"]
[Result "0-1"]
[WhiteElo "1825"]
[BlackElo "1956"]
[PlyCount "148"]
[EventDate "2010.06.20"]

1. e4 c6 2. d4 d5 3. exd5 cxd5 4. Bd3 Nf6 5. c3 Nc6 6. Bf4 e6 7. Nf3 Be7 8. h3
O-O 9. Nbd2 b6 10. Ne5 Bb7 11. O-O a6 12. Ndf3 Rc8 13. Nxc6 Rxc6 14. Ne5 Rc8
15. Ng4 Nxg4 16. Qxg4 Bf6 17. Rfe1 g6 18. Re3 b5 19. Rae1 b4 20. h4 bxc3 21.
bxc3 h5 22. Qd1 Bxh4 23. Bh6 Bg5 24. Bxg5 Qxg5 25. Rg3 Qf6 26. Qxh5 Kg7 27. Qg4
Rxc3 28. Rf3 Qe7 29. Bxg6 Rxf3 30. Bb1+ Kh6 31. Qxf3 Rg8 32. Re5 Kg7 33. Rh5
Kf8 34. Qf4 Bc8 35. Qb8 Qb7 36. Qd6+ Ke8 37. Bc2 Bd7 38. Bb3 Qc6 39. Qb8+ Qc8
40. Qf4 Bb5 41. Rh7 Qb7 42. Qe5 Qd7 43. Rh3 Ke7 44. Rc3 Rc8 45. Qg5+ Kd6 46.
Qe5+ Ke7 47. Rxc8 Qxc8 48. Bxd5 Qc1+ 49. Kh2 Qh6+ 50. Kg3 Qg6+ 51. Kf4 Qh6+ 52.
Kf3 Qc1 53. Bb3 Qc3+ 54. Qe3 Bc6+ 55. Kg3 Qa5 56. d5 Bxd5 57. Bxd5 Qxd5 58.
Qa7+ Kf6 59. Qxa6 Qe5+ 60. Kf3 Qd5+ 61. Ke2 Qxg2 62. Qd3 Ke7 63. a4 Qg4+ 64.
Qf3 Qxa4 65. Qb7+ Qd7 66. Qb4+ Qd6 67. Qb7+ Kf8 68. Qc8+ Kg7 69. Qc3+ f6 70.
Qh3 f5 71. Qg2+ Kf6 72. Qh3 Qa6+ 73. Kd2 Qa2+ 74. Ke3 Qa3+ 0-1

[Event "Festival Palio di Fabriano A"]
[Site "Fabriano ITA"]
[Date "2010.06.21"]
[Round "2"]
[White "Kizov, Atanas"]
[Black "Gromovs, Sergejs"]
[Result "0-1"]
[WhiteElo "2394"]
[BlackElo "2319"]
[PlyCount "72"]
[EventDate "2010.06.20"]

1. d4 Nf6 2. c4 c5 3. d5 e6 4. Nc3 exd5 5. cxd5 d6 6. e4 g6 7. Bd3 Bg7 8. h3
O-O 9. Bg5 a6 10. a4 Re8 11. Nf3 Qc7 12. O-O c4 13. Bc2 Nbd7 14. Re1 Rb8 15. a5
b5 16. axb6 Rxb6 17. Ra2 Nc5 18. Be3 Nfd7 19. Bd4 Ne5 20. Nxe5 Bxe5 21. Na4
Nxa4 22. Bxa4 Bxd4 23. Qxd4 Re7 24. Rc1 Rb4 25. Bc6 Qa7 26. Qf6 Rxe4 27. Qxd6
Re2 28. Qf4 c3 29. Qf3 cxb2 30. Rb1 Rc2 31. Kh2 Rxf2 32. Qc3 Qb8+ 33. Kg1 Rb3
34. Qe1 Rc2 35. d6 Qb6+ 36. Kh2 Qxc6 0-1

[Event "Festival Palio di Fabriano A"]
[Site "Fabriano ITA"]
[Date "2010.06.21"]
[Round "2"]
[White "Marsili, Riccardo"]
[Black "Guglielmi, Dante"]
[Result "0-1"]
[WhiteElo "1907"]
[BlackElo "1897"]
[PlyCount "74"]
[EventDate "2010.06.20"]

1. e4 c5 2. Nf3 d6 3. d4 cxd4 4. Nxd4 Nf6 5. Nc3 a6 6. f3 e6 7. Be3 Be7 8. Qd2
O-O 9. O-O-O Nc6 10. g4 Nd7 11. h4 Nxd4 12. Bxd4 b5 13. Be3 Bb7 14. Bf4 Ne5 15.
Qe3 Qc7 16. Bg5 f6 17. Bf4 Rac8 18. Bd3 Nc4 19. Bxc4 Qxc4 20. Qd3 b4 21. Qxc4
Rxc4 22. Ne2 d5 23. b3 Rcc8 24. Ng3 Rc3 25. Rhf1 Rfc8 26. Rd2 e5 27. Ne2 exf4
28. Nxc3 bxc3 29. Rd3 dxe4 30. Rd7 Ba3+ 31. Kb1 Bc6 32. Rd4 Bc5 33. Rdd1 e3 34.
Rde1 Rd8 35. Kc1 Rd2 36. h5 e2 37. Rh1 Bxf3 0-1

[Event "Festival Palio di Fabriano A"]
[Site "Fabriano ITA"]
[Date "2010.06.21"]
[Round "2"]
[White "Pegoraro, Nicola"]
[Black "Guglielmi, Gabriele"]
[Result "1-0"]
[WhiteElo "2036"]
[BlackElo "2017"]
[PlyCount "131"]
[EventDate "2010.06.20"]

1. e4 b6 2. d4 Bb7 3. Nc3 e6 4. Nf3 Nf6 5. Bd3 d5 6. exd5 Nxd5 7. O-O c5 8. Ne4
cxd4 9. Nxd4 Bc5 10. Nxc5 bxc5 11. Nf3 Nd7 12. Re1 Qc7 13. Qe2 Nf4 14. Bxf4
Qxf4 15. Be4 Bxe4 16. Qxe4 Qxe4 17. Rxe4 Rb8 18. b3 Ke7 19. Kf1 Rhd8 20. Ra4
Rb7 21. Rd1 Nb6 22. Rxd8 Nxa4 23. Rc8 Nc3 24. Rxc5 Nxa2 25. Ke2 Nb4 26. g3 Kd6
27. Rc4 a5 28. Ng5 f6 29. Ne4+ Ke7 30. Kd2 Rd7+ 31. Kc1 f5 32. Nc3 Kf6 33. Rc5
Ra7 34. Kb2 e5 35. Nd5+ Nxd5 36. Rxd5 e4 37. c4 g5 38. Kc3 a4 39. b4 f4 40. Rd1
Ke5 41. b5 a3 42. b6 Rb7 43. c5 e3 44. fxe3 f3 45. Kb4 a2 46. Ka3 Ke4 47. Kxa2
f2 48. Rf1 Kxe3 49. Ka3 Ke2 50. Rxf2+ Kxf2 51. Kb4 Kg2 52. Kb5 Rf7 53. c6 Rf2
54. c7 Rc2 55. Ka6 Kxh2 56. g4 Kg3 57. b7 Ra2+ 58. Kb6 Rb2+ 59. Ka7 Rxb7+ 60.
Kxb7 Kxg4 61. c8=Q+ Kh4 62. Kc6 h5 63. Kd5 Kg3 64. Qc3+ Kf4 65. Qe5+ Kg4 66.
Ke4 1-0

[Event "Festival Palio di Fabriano A"]
[Site "Fabriano ITA"]
[Date "2010.06.23"]
[Round "4"]
[White "Basso, Pier Luigi"]
[Black "Guglielmi, Dante"]
[Result "1-0"]
[WhiteElo "1666"]
[BlackElo "1897"]
[PlyCount "57"]
[EventDate "2010.06.20"]

1. e4 c5 2. Nf3 d6 3. d4 cxd4 4. Nxd4 Nf6 5. Nc3 a6 6. Bc4 e6 7. O-O Be7 8. Qe2
O-O 9. Be3 Nc6 10. f4 Qc7 11. Bb3 Na5 12. Kh1 Nxb3 13. cxb3 b5 14. Rac1 Qb7 15.
e5 dxe5 16. fxe5 Nd5 17. Ne4 Nxe3 18. Qxe3 Qd5 19. Nc6 Qd7 20. Nf6+ gxf6 21.
Nxe7+ Kh8 22. exf6 Bb7 23. Rfd1 Bd5 24. Qh3 Qb7 25. Rc3 Be4 26. Qg3 Rg8 27.
Nxg8 Rxg8 28. Qxg8+ Kxg8 29. Rd8# 1-0

[Event "Festival Palio di Fabriano A"]
[Site "Fabriano ITA"]
[Date "2010.06.23"]
[Round "4"]
[White "Cereda, Loris"]
[Black "Gromovs, Sergejs"]
[Result "1/2-1/2"]
[WhiteElo "2026"]
[BlackElo "2319"]
[PlyCount "53"]
[EventDate "2010.06.20"]

1. e4 d6 2. d4 Nf6 3. Nd2 e5 4. c3 Be7 5. Ngf3 Nbd7 6. Bd3 c6 7. a4 Qc7 8. Nc4
O-O 9. O-O d5 10. Ncd2 dxe4 11. Nxe4 Nxe4 12. Bxe4 Nf6 13. Bc2 exd4 14. Qxd4
Bg4 15. Bf4 Qd8 16. Rfe1 Bxf3 17. Qxd8 Bxd8 18. gxf3 a5 19. Rad1 Bb6 20. Re7
Ra7 21. Bb3 Bc5 22. Bd6 Bb6 23. Kg2 h6 24. Be5 Bc5 25. Bd6 Bb6 26. Be5 Bc5 27.
Bd6 1/2-1/2

[Event "Festival Palio di Fabriano A"]
[Site "Fabriano ITA"]
[Date "2010.06.23"]
[Round "4"]
[White "De Santis, Alessio"]
[Black "Consalvo, Gerardo"]
[Result "1-0"]
[WhiteElo "2316"]
[BlackElo "2013"]
[PlyCount "77"]
[EventDate "2010.06.20"]

1. b3 d5 2. Bb2 Nf6 3. e3 g6 4. c4 c6 5. Be2 Bg7 6. Nf3 O-O 7. O-O Bg4 8. h3
Bxf3 9. Bxf3 Re8 10. d4 Nbd7 11. Nc3 e6 12. a3 Rb8 13. a4 a5 14. Ra2 Nb6 15.
Be2 Nfd7 16. Qa1 e5 17. dxe5 dxc4 18. bxc4 Nxe5 19. Ne4 f6 20. Rd1 Qc7 21. Bc3
Nbd7 22. Rad2 Rbd8 23. c5 Nf7 24. Nxf6+ Nxf6 25. Bxf6 Bxf6 26. Qxf6 Rxd2 27.
Rxd2 Rd8 28. Rd4 Rxd4 29. exd4 Qd8 30. Qxd8+ Nxd8 31. Bc4+ Kg7 32. f4 Kf6 33.
g4 Ne6 34. Bxe6 Kxe6 35. Kf2 Kd5 36. Ke3 Kc4 37. f5 gxf5 38. gxf5 Kd5 39. f6
1-0

[Event "Festival Palio di Fabriano A"]
[Site "Fabriano ITA"]
[Date "2010.06.23"]
[Round "4"]
[White "Gaoni, Vincenzo"]
[Black "Marsili, Riccardo"]
[Result "0-1"]
[WhiteElo "1825"]
[BlackElo "1907"]
[PlyCount "66"]
[EventDate "2010.06.20"]

1. e4 c5 2. Nf3 Nc6 3. Bb5 g6 4. O-O Bg7 5. c3 Nf6 6. Re1 O-O 7. d4 cxd4 8.
cxd4 d6 9. h3 a6 10. Bxc6 bxc6 11. Nc3 Rb8 12. Qc2 Qa5 13. Bf4 Rd8 14. Rac1 Bd7
15. Qe2 Nh5 16. Bh2 Bh6 17. Rc2 Nf4 18. Bxf4 Bxf4 19. e5 Bf5 20. Ne4 d5 21. Rc5
Qxa2 22. Nc3 Qxb2 23. Qxa6 Bd7 24. g3 Ra8 25. Qf1 Bh6 26. Rb1 Qa3 27. Ne1 Qa6
28. Qg2 e6 29. Nc2 Bf8 30. Nb4 Qa3 31. Nc2 Qa7 32. Ra1 Qb6 33. Rxa8 Rxa8 0-1

[Event "Festival Palio di Fabriano A"]
[Site "Fabriano ITA"]
[Date "2010.06.23"]
[Round "4"]
[White "Guglielmi, Gabriele"]
[Black "Iacoacci, Giancarlo"]
[Result "1-0"]
[WhiteElo "2017"]
[BlackElo "1819"]
[PlyCount "61"]
[EventDate "2010.06.20"]

1. e4 c6 2. d4 d5 3. exd5 cxd5 4. c3 Nf6 5. Bd3 e6 6. Ne2 Be7 7. Bf4 Bd6 8. O-O
Qd7 9. Bxd6 Qxd6 10. Nd2 O-O 11. Qc2 b6 12. Rae1 Ba6 13. f4 Bxd3 14. Qxd3 Nbd7
15. Ng3 Rfe8 16. Re5 Qf8 17. Nf3 Ne4 18. Nxe4 Nxe5 19. fxe5 dxe4 20. Qxe4 h6
21. h4 Qe7 22. Nh2 Rf8 23. Ng4 Kh8 24. Rf6 Rg8 25. Qf4 g5 26. hxg5 Rxg5 27.
Rxh6+ Kg7 28. Nf6 Rg6 29. Rh7+ Kf8 30. Rh8+ Kg7 31. Rxa8 1-0

[Event "Festival Palio di Fabriano A"]
[Site "Fabriano ITA"]
[Date "2010.06.24"]
[Round "5"]
[White "Cereda, Loris"]
[Black "De Santis, Alessio"]
[Result "1-0"]
[WhiteElo "2026"]
[BlackElo "2316"]
[PlyCount "98"]
[EventDate "2010.06.20"]

1. e4 b6 2. d4 Bb7 3. Bd3 e6 4. Nf3 d6 5. O-O Nd7 6. Re1 Ne7 7. c3 h6 8. Na3 a6
9. Nc4 g5 10. h3 Rg8 11. Qb3 g4 12. hxg4 Rxg4 13. a4 Rb8 14. Bd2 Rg8 15. Qc2
Ng6 16. Bf1 Nf6 17. d5 e5 18. Ne3 Bc8 19. Nf5 Ng4 20. b3 Bxf5 21. exf5 Nh4 22.
Qe4 Nxf3+ 23. Qxf3 Qh4 24. Bf4 a5 25. Bg3 Qg5 26. Qe4 Be7 27. Bb5+ Kf8 28. Rad1
Nf6 29. Qc4 Bd8 30. Qd3 h5 31. Qf3 h4 32. Bh2 Be7 33. Re3 Kg7 34. Be2 Kh8 35.
Qh3 Bf8 36. Bg3 Bh6 37. Bxh4 Qg7 38. Rg3 Nh7 39. Rxg7 Rxg7 40. f6 Rg6 41. Bd3
Rbg8 42. Bxg6 Rxg6 43. Qc8+ Rg8 44. Qxc7 Bg5 45. Bxg5 Nxg5 46. Rd3 b5 47. axb5
a4 48. bxa4 e4 49. Rg3 e3 1-0

[Event "Festival Palio di Fabriano A"]
[Site "Fabriano ITA"]
[Date "2010.06.24"]
[Round "5"]
[White "Consalvo, Gerardo"]
[Black "Kizov, Atanas"]
[Result "0-1"]
[WhiteElo "2013"]
[BlackElo "2394"]
[PlyCount "42"]
[EventDate "2010.06.20"]

1. e4 e5 2. Nf3 Nc6 3. d4 exd4 4. Nxd4 Bc5 5. Be3 Qf6 6. Nb5 Bxe3 7. fxe3 Qh4+
8. g3 Qd8 9. Qg4 g5 10. Nd2 d6 11. Qe2 Ne5 12. Bg2 c6 13. Nd4 Ne7 14. O-O-O Bg4
15. N2f3 Qa5 16. Nb3 Qxa2 17. Rxd6 a5 18. Rhd1 Bxf3 19. Bxf3 a4 20. Qd2 O-O 21.
Qd4 axb3 0-1

[Event "Festival Palio di Fabriano A"]
[Site "Fabriano ITA"]
[Date "2010.06.24"]
[Round "5"]
[White "Frontini, Fabio"]
[Black "Guglielmi, Gabriele"]
[Result "1-0"]
[WhiteElo "1956"]
[BlackElo "2017"]
[PlyCount "103"]
[EventDate "2010.06.20"]

1. e4 Nf6 2. e5 Nd5 3. c4 Nb6 4. c5 Nd5 5. Nc3 e6 6. d4 b6 7. Nxd5 exd5 8. Qf3
c6 9. b4 bxc5 10. bxc5 Ba6 11. Bxa6 Nxa6 12. Qd3 Nc7 13. f4 g6 14. Nf3 Bg7 15.
f5 gxf5 16. Qxf5 Ne6 17. O-O h6 18. Ng5 Nxg5 19. h4 Qe7 20. hxg5 Qe6 21. Qxe6+
fxe6 22. Rb1 hxg5 23. Bxg5 Rh5 24. Bf4 Bh6 25. g3 Bxf4 26. Rxf4 O-O-O 27. Rbf1
Kb7 28. Rf8 Rxf8 29. Rxf8 Ka6 30. Kg2 Kb5 31. g4 Rh7 32. Rf4 Kc4 33. Kg3 Kd3
34. g5 Rg7 35. Rg4 Kc3 36. g6 Kb2 37. Kf4 Kxa2 38. Kg5 a5 39. Kf6 Rg8 40. g7 a4
41. Kf7 Rxg7+ 42. Rxg7 Kb3 43. Ke7 Kc3 44. Rg4 a3 45. Kxd7 a2 46. Rg1 Kxd4 47.
Kd6 Kc3 48. Kxc6 d4 49. Kb5 d3 50. c6 d2 51. c7 Kb2 52. c8=Q 1-0

[Event "Festival Palio di Fabriano A"]
[Site "Fabriano ITA"]
[Date "2010.06.24"]
[Round "5"]
[White "Gaoni, Vincenzo"]
[Black "Basso, Pier Luigi"]
[Result "0-1"]
[WhiteElo "1825"]
[BlackElo "1666"]
[PlyCount "116"]
[EventDate "2010.06.20"]

1. e4 c6 2. Nc3 d5 3. Nf3 dxe4 4. Nxe4 Nf6 5. Ng3 Nbd7 6. d4 e6 7. Bg5 Bd6 8.
Ne4 Bb8 9. Bd3 h6 10. Bh4 Qa5+ 11. c3 Nxe4 12. Bxe4 g5 13. Bg3 Bxg3 14. hxg3
Nf6 15. Bd3 Qd5 16. Qe2 g4 17. Ne5 Qxg2 18. O-O-O Qd5 19. Kb1 h5 20. Rde1 Bd7
21. Bc4 Qd6 22. Qd2 Qe7 23. f4 O-O-O 24. f5 Qe8 25. fxe6 Bxe6 26. Nxf7 Ne4 27.
Bxe6+ Qxe6 28. Qf4 Rdf8 29. Rxe4 Qxf7 30. Qxf7 Rxf7 31. Rxg4 Rhf8 32. Rgh4 Rf3
33. Rxh5 Rxg3 34. Rh7 Rg2 35. Re7 a6 36. a3 Kb8 37. Rhh7 Rff2 38. Rxb7+ Kc8 39.
Rhc7+ Kd8 40. Rh7 Kc8 41. Rhc7+ Kd8 42. Rxc6 a5 43. Ra6 Kc8 44. Raa7 a4 45. d5
Rf1+ 46. Ka2 Rgg1 47. Rxa4 Kxb7 48. Rb4+ Kc7 49. Kb3 Kd6 50. c4 Rf3+ 51. Ka4
Rg8 52. Rb6+ Kc5 53. Rc6+ Kd4 54. b4 Ra8+ 55. Kb5 Rfxa3 56. d6 Rb3 57. c5 Kd5
58. d7 Rxb4+ 0-1

[Event "Festival Palio di Fabriano A"]
[Site "Fabriano ITA"]
[Date "2010.06.24"]
[Round "5"]
[White "Gromovs, Sergejs"]
[Black "Dragojlovic, Andjelko"]
[Result "1/2-1/2"]
[WhiteElo "2319"]
[BlackElo "2403"]
[PlyCount "93"]
[EventDate "2010.06.20"]

1. e4 c5 2. d4 cxd4 3. c3 g6 4. Bc4 Bg7 5. Nf3 d3 6. O-O Nc6 7. Qxd3 d6 8. h3
Nf6 9. Bf4 O-O 10. a4 Nd7 11. Ba2 Nc5 12. Qc2 Be6 13. Nbd2 Bxa2 14. Rxa2 Rc8
15. Be3 Ne6 16. Qd3 Qc7 17. Rd1 Rfd8 18. Qe2 d5 19. exd5 Rxd5 20. Qc4 Qd7 21.
Qe2 Rd8 22. Re1 b6 23. Raa1 Qc7 24. g3 Rh5 25. h4 Rhd5 26. Nc4 Qd7 27. Kg2 h6
28. Nh2 Kh7 29. Qf3 h5 30. Kg1 Kg8 31. Qe2 Nc5 32. Bxc5 bxc5 33. Nf3 Qb7 34.
Ne3 Rd3 35. Ng2 e5 36. Rab1 Qb3 37. Qe4 Qd5 38. Ng5 f5 39. Qxd5+ R8xd5 40. Ne3
Rd7 41. Ne6 Bf8 42. Nc4 R7d5 43. Nc7 Rd7 44. Ne6 R7d5 45. Ne3 Rd7 46. Nc4 R7d5
47. Ne3 1/2-1/2

[Event "Festival Palio di Fabriano A"]
[Site "Fabriano ITA"]
[Date "2010.06.24"]
[Round "5"]
[White "Iacoacci, Giancarlo"]
[Black "Guglielmi, Dante"]
[Result "0-1"]
[WhiteElo "1819"]
[BlackElo "1897"]
[PlyCount "66"]
[EventDate "2010.06.20"]

1. d4 d5 2. Bf4 Nf6 3. Nf3 c5 4. e3 Nc6 5. Bd3 e6 6. c3 Be7 7. Ne5 Qb6 8. Qc1
O-O 9. h3 Nxe5 10. Bxe5 Nd7 11. Bg3 Bd6 12. Bxd6 Qxd6 13. O-O e5 14. f3 Nf6 15.
Nd2 exd4 16. exd4 Nh5 17. Qe1 Ng3 18. Qf2 Nxf1 19. Nxf1 cxd4 20. cxd4 Bd7 21.
Qh4 Qh6 22. Qxh6 gxh6 23. Ng3 Rac8 24. Rd1 Kh8 25. Nh5 f6 26. Nf4 Rg8 27. Kf2
Bc6 28. Nh5 Rcf8 29. Re1 Rf7 30. Bf5 Re8 31. Rxe8+ Bxe8 32. Be6 Rc7 33. Nxf6
Bf7 0-1

[Event "Festival Palio di Fabriano A"]
[Site "Fabriano ITA"]
[Date "2010.06.24"]
[Round "5"]
[White "Marsili, Riccardo"]
[Black "Pegoraro, Nicola"]
[Result "1/2-1/2"]
[WhiteElo "1907"]
[BlackElo "2036"]
[PlyCount "81"]
[EventDate "2010.06.20"]

1. e4 c5 2. Nf3 d6 3. d4 cxd4 4. Nxd4 Nf6 5. Nc3 a6 6. f3 e5 7. Nb3 Be6 8. Be3
Nbd7 9. Qd2 Rc8 10. O-O-O b5 11. Qf2 Rxc3 12. bxc3 Qc7 13. Kb2 d5 14. Bd3 Be7
15. h3 O-O 16. g4 Rc8 17. Qd2 Nb6 18. Bxb6 Qxb6 19. g5 Nd7 20. exd5 Bxd5 21.
Bxh7+ Kxh7 22. Qxd5 Qc7 23. Qd3+ Kg8 24. h4 Nb6 25. Kb1 Na4 26. Rde1 Rd8 27.
Qe3 Nxc3+ 28. Ka1 Na4 29. Rc1 Ba3 30. c3 Bxc1 31. Rxc1 e4 32. Qxe4 Qh2 33. Qc2
Qxh4 34. Qg2 Qc4 35. Qc2 Rc8 36. Qd2 Nxc3 37. Rh1 Na4 38. Qh2 Qc3+ 39. Kb1 Qd3+
40. Ka1 Qc3+ 41. Kb1 1/2-1/2

[Event "Festival Palio di Fabriano A"]
[Site "Fabriano ITA"]
[Date "2010.06.25"]
[Round "6"]
[White "De Santis, Alessio"]
[Black "Gromovs, Sergejs"]
[Result "1/2-1/2"]
[WhiteElo "2316"]
[BlackElo "2319"]
[PlyCount "24"]
[EventDate "2010.06.20"]

1. b3 e5 2. Bb2 Nc6 3. e3 Nf6 4. Nf3 e4 5. Nd4 Bc5 6. Nxc6 dxc6 7. Be2 Be6 8.
c4 Qe7 9. a3 a5 10. Qc2 O-O 11. Nc3 Bf5 12. h3 Rad8 1/2-1/2

[Event "Festival Palio di Fabriano A"]
[Site "Fabriano ITA"]
[Date "2010.06.25"]
[Round "6"]
[White "Dragojlovic, Andjelko"]
[Black "Basso, Pier Luigi"]
[Result "1-0"]
[WhiteElo "2403"]
[BlackElo "1666"]
[PlyCount "81"]
[EventDate "2010.06.20"]

1. c4 e5 2. g3 Nf6 3. Bg2 c6 4. d4 e4 5. Nc3 d5 6. cxd5 cxd5 7. Bg5 Bb4 8. Qb3
Bxc3+ 9. bxc3 Nbd7 10. Nh3 Qa5 11. O-O b6 12. a4 O-O 13. c4 dxc4 14. Qxc4 Ba6
15. Qa2 Qb4 16. Rfd1 Bc4 17. Qd2 Qxd2 18. Rxd2 Bd5 19. Nf4 Bb7 20. a5 e3 21.
fxe3 Bxg2 22. Bxf6 Be4 23. Be7 Rfe8 24. Bb4 b5 25. Nd3 a6 26. Rc1 Rac8 27. Rdc2
Bb7 28. Rxc8 Rxc8 29. Rxc8+ Bxc8 30. e4 f6 31. Kf2 Kf7 32. Ke3 Bb7 33. Bc3 g5
34. d5 Kg6 35. Kd4 Bc8 36. e5 Kf5 37. e6 Ne5 38. e4+ Kg4 39. Nxe5+ fxe5+ 40.
Kxe5 Kh3 41. d6 1-0

[Event "Festival Palio di Fabriano A"]
[Site "Fabriano ITA"]
[Date "2010.06.25"]
[Round "6"]
[White "Guglielmi, Dante"]
[Black "Consalvo, Gerardo"]
[Result "1/2-1/2"]
[WhiteElo "1897"]
[BlackElo "2013"]
[PlyCount "105"]
[EventDate "2010.06.20"]

1. c4 e5 2. Nc3 Nf6 3. g3 c6 4. d4 exd4 5. Qxd4 d5 6. Nf3 Be6 7. Ng5 Bd6 8.
cxd5 cxd5 9. Nxe6 fxe6 10. Bh3 Nc6 11. Qa4 d4 12. Nb1 Bb4+ 13. Bd2 Bxd2+ 14.
Nxd2 Qd5 15. Nf3 O-O 16. O-O Qh5 17. Bg2 e5 18. Qb5 Rf7 19. Nd2 a6 20. Qc4 Raf8
21. Ne4 Kh8 22. Bf3 Qh6 23. Nd6 Rd7 24. Nxb7 Rxb7 25. Qxc6 Rxb2 26. Qxa6 e4 27.
Qd6 Rfb8 28. Bg2 e3 29. Qxd4 exf2+ 30. Rxf2 R2b4 31. Qd6 Qe3 32. Qd3 Qb6 33. e3
Rd8 34. Qe2 Ng4 35. Rf3 Rb2 36. Qf1 Kg8 37. Qc4+ Kh8 38. Qxg4 Rxg2+ 39. Kxg2
Qb2+ 40. Rf2 Qxa1 41. Qf5 h6 42. Qc5 Qb1 43. g4 Qe4+ 44. Kg3 Rd5 45. Qf8+ Kh7
46. Qf4 Qb1 47. Qf3 Ra5 48. Qe2 Qb8+ 49. Kh3 Ra3 50. Kg2 Qb7+ 51. Kg1 Qb1+ 52.
Rf1 Qe4 53. Rc1 1/2-1/2

[Event "Festival Palio di Fabriano A"]
[Site "Fabriano ITA"]
[Date "2010.06.25"]
[Round "6"]
[White "Guglielmi, Gabriele"]
[Black "Gaoni, Vincenzo"]
[Result "1-0"]
[WhiteElo "2017"]
[BlackElo "1825"]
[PlyCount "119"]
[EventDate "2010.06.20"]

1. d4 d5 2. c4 Bf5 3. Nc3 e6 4. Nf3 Nc6 5. cxd5 exd5 6. Qa4 Bb4 7. Ne5 Nge7 8.
e3 a6 9. Bd3 b5 10. Qc2 Nxe5 11. Bxf5 Nxf5 12. dxe5 d4 13. Qe4 O-O 14. O-O dxc3
15. Qxb4 cxb2 16. Bxb2 Qe7 17. Qxe7 Nxe7 18. Ba3 Rfe8 19. Rac1 c6 20. e4 Rac8
21. Bxe7 Rxe7 22. Rc5 g6 23. Rfc1 Rd7 24. h4 Rd4 25. f3 Ra4 26. R1c2 b4 27. Kh2
a5 28. Kg3 Ra3 29. Kf4 a4 30. Kg5 Kg7 31. h5 h6+ 32. Kg4 gxh5+ 33. Kxh5 Re8 34.
Kg4 b3 35. axb3 axb3 36. Rc1 b2 37. Rb1 Rb8 38. Rc2 Ra2 39. Kf4 Rb3 40. e6 fxe6
41. Ke5 Kf7 42. Kd6 Ra1 43. Rbxb2 Rxb2 44. Rxb2 Rc1 45. f4 c5 46. Ke5 c4 47.
Rb7+ Kg6 48. Kxe6 c3 49. Rc7 c2 50. Ke5 Kh5 51. Kf5 Kh4 52. Rc3 Rh1 53. Rxc2
Kg3 54. e5 h5 55. e6 Re1 56. Kf6 Kxf4 57. Rc3 Kg4 58. Rf3 Re2 59. e7 Rxg2 60.
Re3 1-0

[Event "Festival Palio di Fabriano A"]
[Site "Fabriano ITA"]
[Date "2010.06.25"]
[Round "6"]
[White "Kizov, Atanas"]
[Black "Cereda, Loris"]
[Result "1-0"]
[WhiteElo "2394"]
[BlackElo "2026"]
[PlyCount "97"]
[EventDate "2010.06.20"]

1. d4 Nf6 2. c4 e6 3. g3 d5 4. Nf3 c6 5. Nbd2 Nbd7 6. Bg2 Bd6 7. O-O O-O 8. Qc2
e5 9. cxd5 cxd5 10. dxe5 Nxe5 11. Nxe5 Bxe5 12. Nf3 Qc7 13. Qxc7 Bxc7 14. Be3
Be6 15. Rac1 Bd6 16. Bd4 Ne4 17. Be5 Bxe5 18. Nxe5 Rac8 19. Nd3 Rfd8 20. f3 Nd2
21. Rfe1 Nc4 22. Kf2 d4 23. f4 b5 24. Bb7 Rb8 25. Bf3 Rbc8 26. b3 Ne3 27. Ne5
Bd5 28. Bxd5 Nxd5 29. Nc6 Rf8 30. Nxd4 Nc3 31. a3 Rfd8 32. e3 a5 33. Kf3 g6 34.
g4 Rd5 35. b4 axb4 36. axb4 Rdd8 37. Rc2 Nd5 38. Nc6 Rd6 39. Rd1 Rdxc6 40. Rxc6
Rxc6 41. Rxd5 Rc2 42. h4 Rb2 43. Rxb5 f5 44. gxf5 gxf5 45. Rxf5 Rxb4 46. Ra5
Rb1 47. e4 Rf1+ 48. Kg4 Rg1+ 49. Kf5 1-0

[Event "Festival Palio di Fabriano A"]
[Site "Fabriano ITA"]
[Date "2010.06.25"]
[Round "6"]
[White "Marsili, Riccardo"]
[Black "Frontini, Fabio"]
[Result "1-0"]
[WhiteElo "1907"]
[BlackElo "1956"]
[PlyCount "52"]
[EventDate "2010.06.20"]

1. e4 c6 2. c4 d5 3. cxd5 cxd5 4. exd5 Nf6 5. Qa4+ Nbd7 6. Nc3 g6 7. Nf3 Bg7 8.
Bc4 O-O 9. d3 a6 10. Qa3 Qc7 11. O-O Rb8 12. Qxe7 Re8 13. d6 Rxe7 14. dxc7 Ra8
15. Bf4 b5 16. Bd6 bxc4 17. Bxe7 cxd3 18. Rad1 Ne8 19. Rxd3 Nxc7 20. Rfd1 Nf6
21. Rd8+ Nfe8 22. Bd6 Bf8 23. Nd5 f5 24. Nf6+ Kg7 25. Nxe8+ Nxe8 26. Bxf8+ Kxf8
1-0

[Event "Festival Palio di Fabriano A"]
[Site "Fabriano ITA"]
[Date "2010.06.26"]
[Round "7"]
[White "Basso, Pier Luigi"]
[Black "Gromovs, Sergejs"]
[Result "0-1"]
[WhiteElo "1666"]
[BlackElo "2319"]
[PlyCount "138"]
[EventDate "2010.06.20"]

1. e4 d6 2. Nf3 Nf6 3. Nc3 g6 4. Bc4 Bg7 5. O-O O-O 6. d4 Nxe4 7. Nxe4 d5 8.
Bxd5 Qxd5 9. Qd3 Bf5 10. Re1 Nc6 11. c4 Qd7 12. d5 b6 13. Rb1 Nb4 14. Qb3 a5
15. Bd2 Na6 16. Bc3 Bxe4 17. Bxg7 Bxb1 18. Bxf8 Bxa2 19. Qxa2 Rxf8 20. Qa3 Nc5
21. Qe3 e6 22. Rd1 exd5 23. Rxd5 Qe6 24. Qd2 Qe4 25. h3 Qxc4 26. Rd4 Qe6 27.
Qh6 f6 28. Rg4 Rf7 29. Rd4 Rd7 30. Rxd7 Nxd7 31. h4 Ne5 32. Nxe5 Qxe5 33. Qd2
Qd6 34. Qe2 Kg7 35. g4 c6 36. g5 b5 37. Qe3 fxg5 38. hxg5 Kf7 39. Qf3+ Ke8 40.
Qb3 Qe7 41. Kf1 a4 42. Qc3 Kd7 43. Qd4+ Kc8 44. Qc3 Kb7 45. Qf6 Qd7 46. Ke2 b4
47. Qf4 c5 48. Qf8 Kc6 49. Qb8 Kd5 50. f4 Kc4 51. Qg8+ Qd5 52. Qxh7 Qe4+ 53.
Kd1 Qb1+ 54. Ke2 Qe4+ 55. Kd1 Kb3 56. f5 Qd3+ 57. Ke1 Qxf5 58. Qa7 Qb1+ 59. Kf2
Qxb2+ 60. Kg3 Qe5+ 61. Kf3 Qf5+ 62. Ke2 a3 63. Qb8 Qxg5 64. Qd6 Qg4+ 65. Ke1
Qe4+ 66. Kf1 Qc4+ 67. Ke1 a2 68. Qd1+ Ka3 69. Qf3+ Qc3+ 0-1

[Event "Festival Palio di Fabriano A"]
[Site "Fabriano ITA"]
[Date "2010.06.26"]
[Round "7"]
[White "Cereda, Loris"]
[Black "Marsili, Riccardo"]
[Result "1-0"]
[WhiteElo "2026"]
[BlackElo "1907"]
[PlyCount "55"]
[EventDate "2010.06.20"]

1. e4 c5 2. Nc3 Nc6 3. f4 d6 4. Nf3 g6 5. Bc4 Bg7 6. d3 Nf6 7. O-O O-O 8. Qe1
Nd4 9. Nxd4 cxd4 10. Nb5 Ng4 11. h3 a6 12. Nxd6 Qxd6 13. hxg4 Bxg4 14. f5 gxf5
15. exf5 h5 16. Bg5 Bf6 17. Bh6 Rfe8 18. Qe4 b5 19. Bb3 Rac8 20. Bf4 Qc5 21.
Bd2 a5 22. a4 b4 23. Rf4 Qe5 24. Rxg4+ hxg4 25. Qxg4+ Bg7 26. Re1 Qf6 27. Bg5
Qd6 28. Be6 1-0